| 000 | 00777cam a2200205 a 4500 | ||
|---|---|---|---|
| 001 | 000014453 | ||
| 005 | 20200929163843.0 | ||
| 008 | 920810s1988 cu ab b 001 0 spa | ||
| 040 |
_aDO-SdBNP _bspa _cBNPHU |
||
| 082 |
_a307.7 _bG913c |
||
| 100 | 1 |
_aGuanche, Jesús, _d1950- _932620 |
|
| 245 | 1 | 0 |
_aCaidije / _cJesús Guanche, Dennis Moreno ; edición Natividad Alfaro Pena. |
| 260 |
_aSantiago de Cuba : _bEditorial Oriente, _c1988. |
||
| 300 |
_a139 p. : _bil., mapas ; _c18 cm. |
||
| 504 | _aIncluye referencias bibliográficas (p. 137-138). | ||
| 650 | 4 |
_aHaitianos _zCaidije (Camagüey, Cuba{Rpara} _xVida social y costumbres _932621 |
|
| 650 | 4 |
_aInmigrantes _zCuba _zCaidije _932622 |
|
| 700 | 1 |
_aMoreno, Dennis, _d1939- _932623 |
|
| 700 | 1 |
_aAlfaro Pena, Natividad _eed. _932624 |
|
| 999 |
_c14042 _d14042 |
||